| 000 | 00988nam a2200301 i 4500 | ||
|---|---|---|---|
| 001 | 000013138 | ||
| 003 | DO-SdBNP | ||
| 005 | 20250623103705.0 | ||
| 007 | ta | ||
| 008 | 091120s1988 dr a 000 f spa d | ||
| 040 |
_aDO-SdBNP _bspa _cBNPHU _erda |
||
| 041 | _aspa | ||
| 082 | 4 |
_aRD863.44 _bT266c _222 |
|
| 100 |
_aTejeda Read, Ramón, _d1954- _eautor _4aut. _940386 |
||
| 245 | 1 | 0 |
_aCuando vuelvan las mariposas y otras obsesiones / _cRamón Tejeda Read. |
| 250 | _aPrimera edición | ||
| 264 | 1 |
_aSanto Domingo : _bEditora Alfa y Omega, _c1988. |
|
| 300 |
_a106 páginas ; _c17 cm. |
||
| 336 |
_atexto _btxt _2rdacontent |
||
| 337 |
_asin mediación _bn _2rdamedia |
||
| 338 |
_avolumen _bnc _2rdacarrier |
||
| 500 | _aIncluye datos biográficos del autor en la contracubierta. | ||
| 590 | _aInventariado, 2020/YL | ||
| 650 | 0 |
_aCuentos dominicanos _9176 |
|
| 650 | 0 |
_aLiteratura dominicana. _967 |
|
| 910 | _aYLockward/ Validado. Control de calidad MMOLINA | ||
| 942 |
_2ddc _cLBS1 |
||
| 999 |
_c12780 _d12780 |
||